|
|
|
|
| LEADER |
01189nam a22002897a 4500 |
| 001 |
32374 |
| 003 |
BD-DhAAL |
| 005 |
20250623114828.0 |
| 008 |
171204t2012 enka|||| b||| 001 0 eng d |
| 020 |
|
|
|a 9780500289546
|
| 040 |
|
|
|a BD-DhAAL
|d BD-DhAAL
|
| 082 |
|
|
|a 726.809542
|2 20
|
| 100 |
|
|
|a Koch, Ebba.
|9 24170
|
| 245 |
|
|
|a The complete Taj Mahal and the riverfront gardens of Agra /
|c Ebba Koch, with drawings by Richard André Barraud.
|
| 260 |
|
|
|a London :
|b Thames and Hudson,
|c 2012.
|
| 300 |
|
|
|a 288 pages :
|b illustrations ;
|c 30 cm.
|
| 504 |
|
|
|a Includes bibliographical references (pages 276-280) and index.
|
| 526 |
|
|
|a AAL
|
| 541 |
|
|
|a Trim Education
|e 32374
|
| 650 |
|
|
|a Taj Mahal
|z (Agra, India).
|9 24192
|
| 650 |
|
|
|a Architecture, Mogul Empire
|z India, Agra.
|9 24193
|
| 650 |
|
|
|a Buildings, structures, etc
|z Agra (India) .
|9 24194
|
| 700 |
|
|
|a Barraud, Richard André.
|9 24171
|
| 852 |
|
|
|a Ayesha Abed Library
|c General stacks
|
| 942 |
|
|
|2 ddc
|c BK
|
| 999 |
|
|
|c 38746
|d 38746
|
| 952 |
|
|
|0 0
|1 0
|2 ddc
|4 0
|6 726_809542000000000_KOC
|7 0
|9 62156
|a BRACUL
|b BRACUL
|c GEN
|d 2017-12-04
|e Trim Education
|g 5314.00
|l 1
|o 726.809542 KOC
|p 3010032374
|r 2022-05-07
|s 2022-04-24
|t 1
|v 5314.00
|w 2017-12-04
|y BK
|